LEADER 00998nas a2200277 i 4500 001 000000169075 003 CaOOAMICUS 005 20090114000000.0 008 080124b2008 ne uu u0 0mul r 013 $a146478 040 $aSeMil$bita 245 10$a2008. 260 $aLeiden ; Boston :$bBrill,$ccopyr. 2008. 300 $a520 p. :$b[2] p. di tav. ;$c24 cm. 500 $aArticoli con sintesi [Abstract] in inglese in testa. 773 0 $tBiblical Interpretation.$dLeiden : E. J. Brill, 1993.$x0927-2569$w()1983 774 0 $t[SENZA TITOLO].$w()268111 774 0 $t[SENZA TITOLO].$w()268467 774 0 $t[SENZA TITOLO].$w()269186 774 0 $t[SENZA TITOLO].$w()269901 774 0 $t[SENZA TITOLO].$w()270096 850 $aSeMil 852 $aSeMil$W1$xVenegono$y1$m106 6 16$j120054$B120054$CSeMilBibl$Z2$F138399 $85 961 $aAbbonamento: Brill 996 $6245$a2008$9(OLS)http://semarc/title/238444 996 $6260$aLeiden ; Boston :$bBrill$9(OLS)http://semarc/publisher/39473 LEADER 00855nam a2200181 i 4500 001 000000064027 003 CaOOAMICUS 005 20180727000000.0 008 180727s1956 xx u000 u lat u 013 $a35199 040 $aSeMil$bita 245 10$aQuadragesimale de evangelio aeterno :$bsermones 1.-26. 300 $aLXX, 487 p., [1] c. di tav. ;$c32 cm. 700 1 $aBernardino : da Siena ,$c.$0(OLS)http://semarc/name/89161 773 0 $aBernardino : da Siena $tS. Bernardini Senensis Ordinis fratrum minorum Opera omnia.$dQuaracchi, Florentiae : Ex Typographia Collegii S. Bonaventurae, 1950-1965.$g3$w()1313 850 $aSeMil 852 $aSeMil$W1$xVenegono$y1$m2N VI 609$j30180$B30180$CSeMilBibl$Z2$F30183 $8I 996 $6245$aQuadragesimale de evangelio aeterno :$bsermones 1.-26$9(OLS)http://semarc/title/101244